Patinage Artistique de A à Z - Statistiques

Statistiques générales
  • Ce quiz a été pris 106 fois
  • Le résultat moyen est 10 sur 25
Statistiques - réponses
Hint Réponse % Correct
R Pays jugé comme ayant les meilleurs athlètes dans la discipline. Russie
78%
T Mondialisée pour ses célèbres longs cheveux rouges et ses quadruples sauts. Elle répond au prénom d' "Alexandra" ou "Sasha" dans les pays slaves. Trusova
74%
L Saut piqué partant en carre arrière extérieure, mais en croisant la ligne faite par la carre extérieure. Donc le patineur(euse) tourne dans la direction opposée vers laquelle il/elle s'était dirigé(e). Lutz
71%
F Saut piqué partant d'une carre arrière intérieure et dont la réception s'exécute sur une carre arrière extérieure sur le même pied piqué. Flip
64%
Q Surnom donné par le public au patineur artistique américain Ilia Malinin. "Quad God"
61%
K Patineuse artistique jugée "favorite" ayant subi un scandale de dopage aux Jeux Olympiques de Pékin, popularisée pour son célèbre programme long sur le Boléro de Ravel. Kamila Valieva
57%
S Patineuse artistique française d'origine ivoirienne célèbre pour son *backflip* au Jeux Olympiques de Nagano en 1998. Cet élément portera même son nom des années succédant son interdiction formelle par les jurés. Surya Bonaly
55%
E Entraîneure russe réputée pour des méthodes sévères envers ses athlètes. Elle aurait formé des stars de la discipline tel qu'Evegenia Medvedeva ou Loulia Lipnitskaïa. Eteri Tutberidze
53%
U Etat des Etats Unis dans lequel se produira les Jeux Olympiques de 2034, dont le patinage artistique. Utah
49%
W Musique de Shakira sur laquelle Adeliya Petrosian a patiné pendant le "Team Tutberidze Show" à Kazan en avril 2025. Waka Waka
45%
Y Patineur artistique japonais, surnommé "Ice Prince". Yuzuru Hanyu
45%
A Prénom de la championne olympique de Pékin (2022). Anna Shcherbakova
43%
B Patineuse artistique allemande prénommée Ina, ayant inventé un élément en son nom, qui consiste à glisser sur la glace en positionnant ses pieds à la manière d'une danseuse classique. Bauer
43%
Z Nom de famille de la gagnante des Jeux Olympiques de Pyongyang en 2018. Elle est d'origine tatare. Zagitova
42%
I Patineuse artistique américaine, souvent critiquée pour sa technique "médiocre". Isabeau Levito
33%
P Nouveau club dans lequel Aliona Kostornaïa, ou Evegenia Medvedeva s'entrainent. "Angels of ..." Plushenko
29%
V Saut composant la moitié d'une rotation compète et 1 ½ rotation pour l'Axel. Valse
29%
D Patineuse artistique suisse, ayant inventé une pirouette appelée "variation de la pirouette cambrée". Cependant, son appellation est plus célèbre via son nom de famille. Denise Biellmann
22%
M Surnom donné par le public à la patineuse artistique russe Evegenia Medvedeva. "Miss Stability"
22%
C Elément souvent appelé "layback spread eagle" qui consiste à plier le plus possible son dos, de manière à ce que l'arrière de la tête touche les chevilles. Cantilever
14%
G Patineur pétersbourgeois en duo (également marié) avec Diana Davis, fille d'une entraîneure jugée "rude". Gleb Smolkin
12%
H Nom d'une affaire célèbre pour sa tragédie entre deux patineuses américaines avant les Jeux Olympiques de Lillehammer en 1994. Harding-Kerrigan
9%
J Patineuse artistique suédoise ayant obtenu la médaille de bronze au Jeux Nordiques de 2018 et la 24ème place aux Jeux Olympiques de Pékin en 2022. Josefin Taljegård
3%
N Patineuse artistique britannique ayant obtenu la 27ème place aux Jeux Olympiques de Pékin en 2022. Natasha Mckay
3%
O Patineur artistique slovaque ayant remporté la médaille d'or aux Jeux Olympiques de Sapporo en 1972. Il représentait la Tchécoslovaquie. Ondrej Nepela
3%
Aucun quiz correspondant
Distribution des résultats
% des personnes avec chaque résultat
Percentile par nombre de réponses
Votre historique - résultats
Vous n’avez pas pris ce quiz